000 00733nam a2200229Ia 4500
999 _c65201
_d65201
005 20240530110812.0
008 140319s2007 au a b 000 0 ara d
017 _a1988/4878
_bمصر . دار الكتب
020 _a9771341634
040 _aGCL /
_cGCL
082 0 4 _221
_a746.43 /
_bع ك
100 0 _aعنايات المهدى
245 1 0 _aكل شئ عن الكروشيه /
_cعنايات المهدى
250 _aط.1
260 _aالقاهرة :
_bمكتبة ابن سينا،
_c1988 .
300 _a271 ص. :
_bايض. ؛
_c24 سم.
650 0 7 _aالكروشيه
_2qrmak
650 0 7 _aالاشغال اليدوية
651 _2qrmak
942 _2ddc
_cBK